<?xml version="1.0" encoding="UTF-8"?>
<record
    xmlns:xsi="http://www.w3.org/2001/XMLSchema-instance"
    xsi:schemaLocation="http://www.loc.gov/MARC21/slim http://www.loc.gov/standards/marcxml/schema/MARC21slim.xsd"
    xmlns="http://www.loc.gov/MARC21/slim">

  <leader>00942cam a22002531  4500</leader>
  <controlfield tag="001">sa 68015556 </controlfield>
  <controlfield tag="003">DLC</controlfield>
  <controlfield tag="005">20260227112644.0</controlfield>
  <controlfield tag="008">870227s1967    ii       bd   000 0 sanr </controlfield>
  <datafield tag="010" ind1=" " ind2=" ">
    <subfield code="a">sa 68015556 </subfield>
  </datafield>
  <datafield tag="035" ind1=" " ind2=" ">
    <subfield code="a">(OCoLC)15250849</subfield>
  </datafield>
  <datafield tag="040" ind1=" " ind2=" ">
    <subfield code="a">DLC</subfield>
    <subfield code="c">NRU</subfield>
    <subfield code="d">NRU</subfield>
    <subfield code="d">DLC</subfield>
  </datafield>
  <datafield tag="042" ind1=" " ind2=" ">
    <subfield code="a">premarc</subfield>
  </datafield>
  <datafield tag="050" ind1="0" ind2="0">
    <subfield code="a">BF1714.H5</subfield>
    <subfield code="b">S48</subfield>
  </datafield>
  <datafield tag="100" ind1="1" ind2=" ">
    <subfield code="a">Sharma, Mukund.</subfield>
  </datafield>
  <datafield tag="245" ind1="1" ind2="0">
    <subfield code="a">Jyauti&#x1E63;a&#x15B;abdako&#x1E63;a&#x1E25;.</subfield>
    <subfield code="b">Jyotishashabdadoshah.</subfield>
    <subfield code="c">Mukundadaivaj&#xF1;ena vircita&#x1E25;. Sa ca nijanirmitay&#x101;&#x2BC;k&#x101;r&#x101;-di&#x15B;abd&#x101;nukrama&#x1E47;ikaya Sa&#x1E43;skr&#x325;ta&#x1E6D;ippany&#x101; ca samala&#x1E45;kr&#x325;ta&#x1E25;.</subfield>
  </datafield>
  <datafield tag="260" ind1=" " ind2=" ">
    <subfield code="a">[Amol&#x101;, Uttara prade&#x15B;a]</subfield>
    <subfield code="c">1967.</subfield>
  </datafield>
  <datafield tag="300" ind1=" " ind2=" ">
    <subfield code="a">416, 15 p.</subfield>
    <subfield code="c">24 cm.</subfield>
  </datafield>
  <datafield tag="500" ind1=" " ind2=" ">
    <subfield code="a">In Sanskrit.</subfield>
  </datafield>
  <datafield tag="500" ind1=" " ind2=" ">
    <subfield code="a">"&#x15A;riMukundadaivj&#xF1;apatn&#x12B;-SrimatiCitr&#x101;dev&#x12B;vidu&#x1E63;y&#x101; sa&#x1E45;kalit&#x101; Mukundagranthan&#x101;m&#x101;dy&#x101;vali": 15 p. (at end)</subfield>
  </datafield>
  <datafield tag="504" ind1=" " ind2=" ">
    <subfield code="a">Bibliographical footnotes.</subfield>
  </datafield>
  <datafield tag="650" ind1=" " ind2="0">
    <subfield code="a">Hindu astrology</subfield>
    <subfield code="x">Dictionaries</subfield>
    <subfield code="x">Sanskrit.</subfield>
  </datafield>
  <datafield tag="740" ind1="0" ind2=" ">
    <subfield code="a">Jyotishashabdakoshah.</subfield>
  </datafield>
  <datafield tag="999" ind1=" " ind2=" ">
    <subfield code="c">86519</subfield>
    <subfield code="d">86519</subfield>
  </datafield>
</record>
